Countries Most Similar To South Africa - Statistics

General Stats
  • This quiz has been taken 113 times
  • The average score is 12 of 20
Answer Stats
Rank Country Score % Correct
2 Botswana 77.3
87%
1 Namibia 77.6
85%
4 Zimbabwe 72.2
84%
12 Angola 65.0
83%
5 Lesotho 70.8
82%
6 Zambia 70.5
82%
11 Mozambique 65.2
80%
3 Eswatini 72.3
74%
7 Kenya 68.5
74%
14 Nigeria 64.5
74%
12 Tanzania 65.0
68%
16 Republic of the Congo 63.6
67%
10 Malawi 65.7
63%
8 Ghana 67.1
58%
15 Gabon 64.1
45%
20 Cameroon 62.9
36%
16 Mauritius 63.6
33%
9 Cape Verde 66.6
17%
18 Jamaica 63.2
9%
19 Guyana 63.0
2%
No matching quizzes found
Score Distribution
Percent of People with Each Score
Percentile by Number Answered
Your Score History
You have not taken this quiz